000 00478nam a2200169Ia 4500
008 110201s9999 xx 000 0 und d
082 _bB675
_aK 495
100 _aदेसाई नयनतारा
245 _aमळभ
260 _bउत्कर्ष प्रकाशन
365 _b20
600 _aदेसाई नयनतारा
630 _aमळभ
700 _aदेसाई नयनतारा
730 _aमळभ
942 _cBOOK
999 _c828105
_d828102